| 000 | 00801cab a2200193 4500 | ||
|---|---|---|---|
| 001 | ABS50734 | ||
| 008 | 090401t1994 xxu||||| |||| 00| 0 eng d | ||
| 035 | _a(Sirsi) u29710 | ||
| 041 | _aeng | ||
| 100 | _aMorrison, N. | ||
| 245 | 4 | _aThe role of planning in the redevelopment process of Glasgow`s city centre. | |
| 260 | _c1994 | ||
| 350 | _a0 | ||
| 490 |
_aPlanning Practice & Research _v9(1) 1994, 31-41(11) |
||
| 520 | _aTakes Glasgow as a case study of the influence planners can have in the creation of market opportunities for redevelopment and how they interact with other agencies in the process. Claims they have a positive role intervening in the market, facilitating and affecting developers` decisions. | ||
| 690 | _aPLANNING LAW AND PRACTICE | ||
| 942 | _n0 | ||
| 948 | _c04/03/1997 | ||
| 999 |
_c19982 _d19982 |
||